Afrique de l'Est - Carte Quiz - Statistiques

Statistiques générales
  • Ce quiz a été pris 24 709 fois
  • Le résultat moyen est 15 sur 20
Réponses sur la Carte
Les réponses sont colorées sur une échelle allant du rouge au vert en fonction du pourcentage des utilisateurs qui les ont devinées à leur premier essai. Vous pouvez retrouver ces pourcentages ci-dessous.
 
Statistiques - réponses
Réponse % Correct
Madagascar
92%
Somalie
90%
Djibouti
81%
Érythrée
80%
Éthiopie
80%
Kenya
79%
Soudan du Sud
77%
Tanzanie
75%
Mozambique
74%
Seychelles
73%
La Réunion (France)
72%
Malawi
72%
Rwanda
72%
Comores
69%
Ouganda
69%
Zimbabwe
69%
Zambie
64%
Mayotte (France)
62%
Burundi
60%
Maurice
58%
Aucun quiz correspondant
Distribution des résultats
% des personnes avec chaque résultat
Percentile par nombre de réponses
Votre historique - résultats
Vous n’avez pas pris ce quiz